000 00476nam a2200181 a 4500
001 0388
005 20140414132037.0
008 040913s19uu xx 00 eng d
020 _a0-590-47423-5
050 _aTR
_bR82 1991
100 _aRathman, Peggy
245 _aRuby the copycat /
_cby Peggy Rathman.
260 _aNew York :
_bScholastic,
_c1991.
300 _a1 v.p. : ill. ; cm.
650 _aConfidence
_xFiction.
650 _aChildren stories.
999 _c113752
_d113752